000 00867nam a2200253Ia 4500
003 OSt
005 20220930073241.0
006 a|||||r|||| 00| 0
007 ta
008 220926b |||||||| |||| 00| 0 eng d
024 _a30111
037 _cTheses
040 _aCRL
_cCRL
_beng
041 _2eng
_aeng
100 _aSowmithri S
_9531244
110 _aUniversity of Delhi. Faculty of Medical Sciences. Department of Obstetrics and Gynaecology
245 0 _aComparative evaluation of postmenopausal bleeding with transvaginal sonography and hysteroscopy
260 _c1998
650 _aWOMEN - DISEASES
700 _a Dr Kamla Sharma Supervisor
_9524803
700 _aUniversity of Delhi. Faculty of Medical Sciences. Department of Obstetrics and Gynaecology
942 _cDIS
_2CC
999 _c864811
_d864811